Velcí a větší

Konkurencieschopnosť firmy Compaq. Nové serverové ponuky. Transformácia firmy Compaq na globálnu spoločnosť. Profil firmy Digital a jej historický vývoj. Spolupráca Digitalu a Microsoftu. Zameranie firmy Eastel. Obrat firmy a jej najvýznamnejší klienti.

Salvato in:
Dettagli Bibliografici
Natura: Libro
Lingua:ceco
Soggetti:
Tags: Aggiungi Tag
Nessun Tag, puoi essere il primo ad aggiungerne!!

MARC

LEADER 00000nam a2200000 4500
001 r031828
005 20230612105154.8
041 0 |a cze 
044 |a CZ 
245 1 0 |a Velcí a větší 
520 |a Konkurencieschopnosť firmy Compaq. Nové serverové ponuky. Transformácia firmy Compaq na globálnu spoločnosť. Profil firmy Digital a jej historický vývoj. Spolupráca Digitalu a Microsoftu. Zameranie firmy Eastel. Obrat firmy a jej najvýznamnejší klienti. 
610 2 0 |a počítače 
610 2 0 |a firmy 
610 2 0 |a technika výpočtová 
610 2 0 |a konkurencieschopnosť 
610 2 0 |a transformácia 
610 2 0 |a globalizácia 
610 2 0 |a klienti 
610 2 0 |a Compaq Computer 
610 2 0 |a Digital 
610 2 0 |a Microsoft 
610 2 0 |a Eastel